000 00552nam a22001937a 4500
003 OSt
005 20240626122207.0
008 240626b |||||||| |||| 00| 0 eng d
020 _a0748731822
040 _cmust
082 _a361.74092 CON 1997
245 _aContinuing care for older people/
_cedited by Michael J. Denham.
260 _aGreat Britain:
_bStanley Thornes (publishers)ltd;
_cc1997.
300 _aix,413p.:
_bill;
_c23cm.
504 _aincludes index
650 _2nursing
700 _aDenham,Michael J.
_918064
942 _2ddc
_cO_SHELF
999 _c8924
_d8924